000
00288nam a22001337a 4500
008
170530b xxu||||| |||| 00| 0 eng d
020
_a
9781594031427
041
_a
eng
080
_a
94(100)
100
_a
17
101
_a
SHH
245
_a
HONOR A HISTORY
_c
BOWMAN,J
942
_2
udc
_c
BK
999
_c
15075
_d
15075